000 03903nam a22003977a 4500
001 0017928
003 KOHA_MİRAKIL
005 20260207002158.0
007 ta
008 100610b2010 tu |||gr||||#0|||0|tur |
020 _a9789754828740
020 _a9754828741
_c0,01
040 _aTR-BiSEU
_btur
_cTR-BiSEU
_erda
041 0 _atur
044 _ctu
050 _aJA26
_b.G88 2010
100 1 _aGüven, Tansel.
245 1 _aSiyasi ilimler mecmuası 1931-1955 :
_bMülkiye mektebi mecmuası, Mülkiye mecmuası, Mülkiye içtimai ilimler mecmuası, aylık siyasi ilimler mecmuası- ilmi rövü ; inceleme ve dizin/
_cTansel Güven ; Tansel Güven.
264 1 _aAnkara :
_bAnkara Üniversitesi Siyasal Bilgiler Fakültesi
_c2010
300 _axii, 367 sayfa; 25 cm.
336 _ametin
_btxt
_2rdacontent
337 _aaracısız
_bn
_2rdamedia
338 _acilt
_bnc
_2rdacarrier
490 1 _aAnkara Üniversitesi Siyasal Bilgiler Fakültesi Yayın No ;
_v599.
490 1 _a Kamu Yönetimi Araştırma ve Uygulama Merkezi Yayın No ;
_v6.
500 _aKaynakça ve dizin var.
505 _aBİRİNCİ BÖLÜM: SİYASİ İLİMLER MECMUASI ÜZERİNE...........1
_x I. Dergi Hakkında Bilgi ve Çıkış Amacı: "Bilinen Şeyleri Okumak
_x Kadar Bilinen Şeyleri Yazmak
_x İhtiyacı......................................................2 II.
_x Mülkiye Mecmuaları Dönemi (Nisan 1931 - Haziran 1937): Rasyonalizasyon
_x Temelli Yönetsel
_x Düşünce...............................................9 A. Bilimsel
_x Yönetim Okulunun
_x Etkileri...................................................15 B.
_x Rasyonalizasyon Çerçevesinde Devletin Yeniden Yapılanması..........19
_x C. Memur Statüsünün Yeniden
_x Düzenlenmesi.........................................23 IILSiyasi
_x İlimler Mecmuası Dönemi (Temmuz 1937 - Aralık 1957): Yönetim
_x Düşününde Arayış
_x Yılları...........................................................26
_x A. Almanya Etkisi ve Faşizmin Yükselişi (Temmuz 1937-Aralık
_x 1945)......27 1. Parti İlkelerine Bağlı Memur ve
_x Bürokrasi.......................................28 2. Kültür
_x Politikası.................................................................................30
_x B. ABD Etkisi ve Demokrasi (Ocak 1946-Aralık
_x 1957)........................32 1. Yabancı Uzman Raporlarıyla
_x İdarenin Yeniden Düzenlenmesi: Tepkili Uçak Türkiyesi'nden Öküz
_x Arabası Türkiye'sine Geçiş.........32 2.Demokrasi ve
_x Eğitim..........................................................................38
_x 3. Davranışçı Okulunun Belirmeye
_x Başlaması......................................39 IV. Aktarmacılık
_x Anlayışı ve Mecmuanın Kapanışı................................40
_x Değerlendirme.............................................................................................41
_x
_x Kaynakça.....................................................................................................43
_x Ek: Dergide Yayımlanan Makale ve Sayfa
_x Sayıları................................47 İKİNCİ BÖLÜM: DERGİ
_x SAYISINA GÖRE MAKALELER.............55 ÜÇÜNCÜ BÖLÜM: YAZAR ADINA
_x GÖRE MAKALELER.............169 DERGİ SAYISINA GÖRE
_x DİZİN..........................................................343
_x YAZARLARA GÖRE
_x DİZİN..................................................................351
_x
650 0 _aSiyasal bilim--Süreli yayınlar.
_941676
650 0 _aTürkiye--Politika ve yönetim--Süreli yayınlar--Dizin.
_941677
650 0 _aPolitical science--Periodicals.
_941678
650 0 _aTurkey--Politics and government--Periodicals--Indexes.
_941679
830 1 _aAnkara Üniversitesi Siyasal Bilgiler Fakültesi Yayın No ;
_v599.
_941680
830 1 _a Kamu Yönetimi Araştırma ve Uygulama Merkezi Yayın No ;
_v6.
_941681
907 _aİnceleme
942 _2lcc
_cBK
999 _c17885
_d17885